Länder, die Kroatien am Nächsten Liegen - Eine Minute Sprint - Statistiken

Allgemein
  • Dieses Quiz wurde 131 mal gespielt
  • Das Durchschnittsergebnis liegt bei 15 aus 20
Antwortstatistiken
km Land % Korrekt
0 Slowenien
99%
0 Serbien
98%
0 Bosnien und Herzegowina
96%
0 Montenegro
92%
12 Italien
91%
23 Österreich
90%
0 Ungarn
86%
128 Kosovo
82%
70 Albanien
81%
270 Griechenland
78%
168 Slowakei
76%
233 Deutschland
74%
107 Rumänien
68%
261 Schweiz
67%
315 Bulgarien
62%
177 Mazedonien
60%
234 Tschechien
59%
141 San Marino
47%
314 Vatikanstadt
44%
345 Liechtenstein
36%
Keine übereinstimmenden Quizze gefunden
Verteilung der Resultate
Anzahl Personen mit jedem Resultat
Perzentil nach korrekt beantworteten Fragen
Ihre Resultats-Entwicklung
Sie haben dieses Quiz noch nicht gespielt